Sporcle Subcategory Triples Quiz Stats

 Plays Quiz Updated Jul 14, 2021

Support Sporcle.
Go Orange.
Score 0/24 Timer 05:00
0 Plays Today
% Correct
Bible
93.3%
Olympics
92.8%
Computer
91.7%
Company
90.9%
Christmas
90.8%
Basketball
90.6%
US Presidents
89.8%
Broadway
89.3%
The Beatles
87.4%
Italian
87.3%
Spanish
86.6%
The Office
86.5%
% Correct
DC Comics
85.9%
Best Picture
85.9%
Harry Potter
84.1%
Disney
83.8%
Premier League
82.9%
NHL
82.6%
Lord of the Rings
81%
Doctor Who
80.8%
Marvel
78.4%
Capital
78.3%
Album
73.6%
Europe
64.6%

You're not logged in!

Compare scores with friends on all Sporcle quizzes.
OR
Log In
Forgot?

From the Vault

Movie Character by Quote

by LTH

After this quiz, pick your favorite quote and act like that character for the rest of the day...it'll be fun, I promise!
Remove Ads.
Support Sporcle.
Get the best of Sporcle when you Go Orange. This ad-free experience offers more features, more stats, and more fun while also helping to support Sporcle. Thank you for becoming a member.

Show Comments

Extras

Top Quizzes Today


Score Distribution

Your Account Isn't Verified!

In order to create a playlist on Sporcle, you need to verify the email address you used during registration. Go to your Sporcle Settings to finish the process.

Report this User

Report this user for behavior that violates our Community Guidelines.

Details: